000 01075nam a2200277 i 4500
001 11926
003 KOSZ 005
005 20201006143016.0
008 070620s1965 pl a f 001 0 pol
015 _aPB 1965/2321
040 _aWA N
_cKOSZ 005/RW
_dKOSZ 005/RW
080 _a621.3
100 1 _aHałas, Andrzej
_d(1934- ).
_eAutor.
245 1 0 _aMikroskopy elektronowe /
_cAndrzej Hałas, Henryk Szymański ; [rozdz. 9 napisał Romuald Andruszkiewicz].
260 _aWarszawa :
_bWydawnictwa Komunikacji i Łączności,
_c1965.
300 _a334 s., [2] k. tabl. :
_bil. ;
_c23 cm.
380 _aKsiążki.
504 _aBibliogr. przy rozdz. Indeks.
521 8 _aDla obsługujących mikroskopy i zainteresowanych.
650 4 _aMikroskop elektronowy
700 1 _aAndruszkiewicz, Romuald.
710 2 _aWydawnictwa Komunikacji i Łączności.
_4pbl.
700 1 _aSzymański, Henryk
_d(1931- ).
_eAutor
856 _uhttp://koha.tu.koszalin.pl/cgi-bin/koha/opac-detail.pl?biblionumber=11926
_yKatalog online BPK
942 _2UKD
_cKS
999 _c11926
_d11926